Compendio sobre normas básicas de los derechos de los niños, niñas y adolescentes / (Registro nro. 63343)
[ vista simple ]
| 000 -LEADER | |
|---|---|
| campo de control de longitud fija | 02506cam a22003374i 4500 |
| 003 - IDENTIFICADOR DE NÚMERO DE CONTROL | |
| campo de control | PE-LiUPU |
| 005 - FECHA Y HORA DE LA ÚLTIMA TRANSACCIÓN | |
| campo de control | 20260324095536.0 |
| 008 - DATOS DE LONGITUD FIJA--INFORMACIÓN GENERAL | |
| campo de control de longitud fija | 1907s2019 pe a rb 000 0 spa d |
| 040 ## - FUENTE DE CATALOGACIÓN | |
| Centro catalogador/agencia de origen | PE-LiUPU |
| Lengua de catalogación | spa |
| Centro/agencia transcriptor | PE-LiUPU |
| Normas de descripción | rda |
| 082 04 - NÚMERO DE LA CLASIFICACIÓN DECIMAL DEWEY | |
| Número de clasificación | 346.0135 |
| Cutter | P471c |
| Número de edición | TP |
| 110 2# - ENTRADA PRINCIPAL--NOMBRE DE ENTIDAD CORPORATIVA | |
| Nombre de entidad corporativa o nombre de jurisdicción como elemento de entrada | Perú. |
| Unidad subordinada | Defensoría del Pueblo. |
| 245 10 - MENCIÓN DEL TÍTULO | |
| Título | Compendio sobre normas básicas de los derechos de los niños, niñas y adolescentes / |
| Mención de responsabilidad, etc. | Defensoría del Pueblo, Adjuntía para la Niñez y Adolescencia. |
| 264 #1 - PRODUCCIÓN, PUBLICACIÓN, DISTRIBUCIÓN, FABRICACIÓN Y COPYRIGHT | |
| Producción, publicación, distribución, fabricación y copyright | Lima : |
| Nombre del de productor, editor, distribuidor, fabricante | Defensoría del Pueblo, |
| Fecha de producción, publicación, distribución, fabricación o copyright | julio de 2019. |
| 300 ## - DESCRIPCIÓN FÍSICA | |
| Extensión | 392 páginas : |
| Otras características físicas | ilustraciones ; |
| Dimensiones | 30 cm |
| 336 ## - TIPO DE CONTENIDO | |
| Término de tipo de contenido | text |
| Fuente | rdacontent |
| 337 ## - TIPO DE MEDIO | |
| Nombre/término del tipo de medio | unmediated |
| Fuente | rdamedia |
| 338 ## - TIPO DE SOPORTE | |
| Nombre/término del tipo de soporte | volume |
| Fuente | rdacarrier |
| 500 ## - NOTA GENERAL | |
| Nota general | Primera edición. Tiraje de 1000 ejemplares. |
| 504 ## - NOTA DE BIBLIOGRAFÍA, ETC. | |
| Nota de bibliografía, etc. | Incluye referencias bibliográficas. |
| 505 0# - NOTA DE CONTENIDO CON FORMATO | |
| Nota de contenido con formato | Marco normativo internacional -- Convenciones y protocolos -- Sistema universal de derechos humanos -- Observaciones generales del Comité de los Derechos del Niño -- Sistema interamericano de derechos humanos -- Otros instrumentos internacionales -- Marco normativo nacional -- Constitución política del Perú y códigos -- Principales normas en materia de niñez y adolescencia -- Violencia contra niños, niñas y adolescentes -- Castigo físico y humillante -- Interés superior del niño -- Niñez y adolescencia sin cuidados parentales -- Desaparición y búsqueda de niños, niñas y adolescentes -- Trata de personas -- Inversión en la infancia y adolescencia -- Normas expedidas durante el 2018 y 2019 -- Leyes, decretos legislativos y reglamentos -- Decretos supremos -- Resoluciones ministeriales -- Otras normas -- Principales planes y políticas públicas -- Principales normas en materia de violencia escolar -- Marco normativo internacional sobre violencia escolar -- Observaciones generales del Comité sobre los Derechos del Niño -- Marco normativo nacional sobre violencia escolar -- Otras normas nacionales. |
| 610 14 - PUNTO DE ACCESO ADICIONAL DE MATERIA--NOMBRE DE ENTIDAD CORPORATIVA | |
| Nombre de entidad corporativa o nombre de jurisdicción como elemento de entrada | Perú. |
| Unidad subordinada | Defensoría del Pueblo. |
| 650 14 - PUNTO DE ACCESO ADICIONAL DE MATERIA--TÉRMINO DE MATERIA | |
| Término de materia o nombre geográfico como elemento de entrada | Derechos del niño |
| Subdivisión geográfica | Perú. |
| 650 24 - PUNTO DE ACCESO ADICIONAL DE MATERIA--TÉRMINO DE MATERIA | |
| Término de materia o nombre geográfico como elemento de entrada | Protección de menores |
| Subdivisión geográfica | Perú. |
| 650 24 - PUNTO DE ACCESO ADICIONAL DE MATERIA--TÉRMINO DE MATERIA | |
| Término de materia o nombre geográfico como elemento de entrada | Legislación sobre la infancia |
| Subdivisión geográfica | Perú. |
| 650 24 - PUNTO DE ACCESO ADICIONAL DE MATERIA--TÉRMINO DE MATERIA | |
| Término de materia o nombre geográfico como elemento de entrada | Adolescentes |
| Subdivisión general | Derechos |
| Subdivisión geográfica | Perú. |
| 651 24 - PUNTO DE ACCESO ADICIONAL DE MATERIA--NOMBRE GEOGRÁFICO | |
| Nombre geográfico | Perú |
| Subdivisión general | Política social. |
| 710 2# - ENTRADA AGREGADA--NOMBRE DE ENTIDAD CORPORATIVA | |
| Nombre de entidad corporativa o nombre de jurisdicción como elemento de entrada | Perú. |
| Unidad subordinada | Defensoría del Pueblo. |
| -- | Adjuntía para la Niñez y Adolescencia. |
| 942 ## - ELEMENTOS DE ENTRADA SECUNDARIOS (KOHA) | |
| Fuente del sistema de clasificación o colocación | Clasificación Decimal Dewey |
| Tipo de ítem Koha | Libros físicos |
| 980 ## - EQUIVALENCIA O REFERENCIA-CRUZADA-MENCIÓN DE SERIE--NOMBRE DE PERSONA/TÍTULO [LOCAL, CANADÁ] | |
| ID del usuario creador del registro | 18228 |
| Nombre del creador del registro | Rebeca Esther Huerta Leyton |
| ID del último usuario que modificó el registro | 18226 |
| Nombre del último usuario que modificó el registro | Jaime Vilcazán Jefe de Análisis Documental |
| Visto por última vez | Total de préstamos | Signatura topográfica completa | Código de barras | Copia número | Coste, precio de reemplazo | Fecha de reemplazo | Facultad | Tipo de ítem Koha | Estado de pérdida | Fuente del sistema de clasificación o colocación | Restricciones de uso | No para préstamo | Colección | Programa académico | Biblioteca de origen | Biblioteca actual | Ubicación en estantería | Fecha de adquisición | Fuente de adquisición |
|---|---|---|---|---|---|---|---|---|---|---|---|---|---|---|---|---|---|---|---|
| 2026-03-31 | 346.0135 P471c | 83148 | e1 | 30.00 | 2026-03-24 | FACIHED | Libros físicos | No Perdido | Clasificación Decimal Dewey | No restringido | Disponible para préstamos | Colección General | Derecho presencial | Biblioteca CRAI UPeU Lima | Biblioteca CRAI UPeU Lima | Sala principal | 2026-02-12 | Donación, Jhon Eden Rosario Campos |